000 00516nam a22001817a 4500
005 20170509142926.0
010 _aENG-118096
020 _a9789382711896
_c295.00
035 _aEN-101628
037 _bDBAD/PUB
082 _aN
100 _aSengupta, Arunabha
245 _aI won't give you a legup, mr death /
_cby Arunabha Sengupta
260 _aNew Delhi
_bVitasta Publishing
_c2015
270 _a2/15, Ansari Road, Daryaganj New Daryaganj-110002
300 _a254p
_c21cm.(pbk)
942 _2ddc
_cEN
_hN
_mSEN
999 _c139675
_d139675